| 000 | 00549nam a2200169 a 4500 | ||
|---|---|---|---|
| 001 | 000039761 | ||
| 005 | 20201002033723.0 | ||
| 008 | 130718s2011 dr 000 0 spa d | ||
| 040 |
_aDO-SdBNP _bspa _cBNPHU |
||
| 245 | 0 | 0 |
_aProsas herrerianas : _bhomenaje a Julio Herrera y Rissig / _ccoordinación Carina Blixen. |
| 260 |
_aUraguay : _bAdemia Nacional de Letras, _c2011. |
||
| 300 |
_a184 p. ; _c24 cm. |
||
| 490 | 1 | _aBicentenario | |
| 500 | _aIncluye notas al pie de las pƔginas | ||
| 700 | 1 |
_aBlixen,Carina _965953 |
|
| 830 | 0 |
_aBicentenario _963663 |
|
| 999 |
_c39251 _d39251 |
||